000 00787nam a2200205Ii 4500
003 JO-AjNU
008 230605s9999||||xx |||||||||||||| ||und||
040 _aJO-AjNU
_bara
_erda
_cJO-AjNU
041 _aara
050 1 4 _aBP80.I83.I2622
100 3 _aشهاب الدين،علوي بن حامد بن محمد ,
_eauthor
_917100
245 0 0 _aالإمام إسحاق المؤتمن بن جعفر الصادق رضي الله عنهما
264 3 1 _aاربد:دار الكتاب الثقافي للطباعة والنشر،د.ت
300 _a156ص
336 _atext
_btxt
_2rdacontent
337 _aunmediated
_bn
_2rdamedia
338 _avolume
_bnc
_2rdacarrier
490 0 _aسلسلة أعلام اهل البيت3
650 4 _aالسيرة النبوية-اهل البيت
_917101
999 _aA5211
_c8779
_d8779